| 000 | 00757cab a2200241 4500 | ||
|---|---|---|---|
| 001 | ABS48629 | ||
| 008 | 090401t1993 xxu||||| |||| 00| 0 eng d | ||
| 035 | _a(Sirsi) u67655 | ||
| 041 | _aeng | ||
| 100 | _aGates, J. | ||
| 245 | _aBES offers alternative to repossessions | ||
| 260 | _c1993 | ||
| 350 | _a0 | ||
| 490 |
_aCSW - The Property Week _v43(9) 27 May 1993, 16(1) |
||
| 520 | _aInvestigates the claim by Owen Inskip, Managing Director of Johnson Fry Property, that the Business Expansion Scheme could relieve the housing market of thousands of repossessed homes. | ||
| 650 | _aBES | ||
| 650 | _aHOUSING MARKET | ||
| 650 | _aRENTED HOUSING | ||
| 650 | _aREPOSSESSIONS | ||
| 690 | _aHOUSING-FINANCE | ||
| 942 | _n0 | ||
| 948 | _c04/03/1997 | ||
| 999 |
_c42348 _d42348 |
||